Movies Quiz

Random Movies or Clickable Quiz

Movie Titles With a Little Help from The Beatles Quiz Stats

Quiz Updated Mar 3, 2016

Challenge
Share
Tweet
Embed
Score 0/50 Timer 08:00
0 Plays Today
% Correct
Rocky Raccoon
96.9%
Long Tall Sally
95.7%
I Will
94.4%
The Continuing Story of Bungalow Bill
93.8%
Happiness is a Warm Gun
93.7%
Honey Pie
93.2%
Free as a Bird
93.1%
A Hard Day's Night
93.1%
Good Day Sunshine
90.5%
She's a Woman
90.2%
Sgt Pepper's Lonely Hearts Club Band
89.6%
Here, There and Everywhere
89.4%
Within You Without You
89.1%
Being for the Benefit of Mr Kite
88.8%
All Together Now
88.7%
I'm Down
88.7%
Run for Your Life
88.7%
I Want to Hold Your Hand
88.5%
You've Got to Hide Your Love Away
87.3%
What Goes On
87.3%
I'm Only Sleeping
85.8%
Another Girl
85.2%
Lucy in the Sky with Diamonds
84.9%
The Long and Winding Road
84.7%
With a Little Help from My Friends
84.4%
% Correct
She Came in Through the Bathroom Window
83.6%
Magical Mystery Tour
83.1%
Tomorrow Never Knows
82.7%
It's All Too Much
81%
Two of Us
79.1%
Sun King
79.1%
She's Leaving Home
78.6%
Please Mister Postman
78.5%
Oh! Darling
78.3%
Golden Slumbers
77.9%
Penny Lane
76.6%
Lady Madonna
76.6%
Drive My Car
75.7%
Do You Want to Know a Secret
75.5%
Octopus's Garden
75.5%
Money (That's What I Want)
75.2%
No Reply
75.1%
Lovely Rita
74.6%
Cry Baby Cry
74.1%
Strawberry Fields Forever
73.1%
Doctor Robert
71.8%
Old Brown Shoe
70.4%
Mean Mr Mustard
69.9%
I'm Looking Through You
63%
I'm Happy Just to Dance with You
58.5%

You're not logged in!

Compare scores with friends on all Sporcle quizzes.
Sign Up with Email
OR
Log In

You Might Also Like...

Show Comments

Extras

Top Quizzes Today


Score Distribution

Your Account Isn't Verified!

In order to create a playlist on Sporcle, you need to verify the email address you used during registration. Go to your Sporcle Settings to finish the process.